000 00680nam a2200241Ia 4500
003 OSt
005 20220925201845.0
006 a|||||r|||| 00| 0
007 ta
008 220923b |||||||| |||| 00| 0 eng d
037 _cGeneral Book
040 _aRTL
_cRTL
_beng
041 _2eng
_aeng
082 _aX64.2.N8, M8
100 _aGarg Ajay
_9262727
245 0 _aNabhi's How to borrow from financial and banking institutions
260 _aDelhi
_bNabhi Publications
_c1988
300 _aviii,423p
_ccm.
500 _aBibliography P 411-12
650 _aMoney Markets
942 _hX64.2.N8, M8
_cGB
_2CC
999 _c541512
_d541512